<?xml version="1.0" encoding="UTF-8"?>
<collection xmlns="http://www.loc.gov/MARC21/slim">
 <record>
  <leader>01665aam a22003858a 4500</leader>
  <controlfield tag="001">000018248</controlfield>
  <controlfield tag="003">14675</controlfield>
  <controlfield tag="005">20131004081008.0</controlfield>
  <controlfield tag="008">131001s2012                        viesd</controlfield>
  <datafield tag="020" ind1=" " ind2=" ">
   <subfield code="c">54000đ</subfield>
   <subfield code="d">500b</subfield>
  </datafield>
  <datafield tag="041" ind1="0" ind2=" ">
   <subfield code="a">vie</subfield>
  </datafield>
  <datafield tag="082" ind1="1" ind2="4">
   <subfield code="2">14</subfield>
   <subfield code="a">515</subfield>
   <subfield code="b">NG-K</subfield>
  </datafield>
  <datafield tag="100" ind1="1" ind2=" ">
   <subfield code="a">Nguyễn Văn Khuê</subfield>
  </datafield>
  <datafield tag="245" ind1="1" ind2="0">
   <subfield code="a">Giải tích toán học</subfield>
   <subfield code="c">Nguyễn Văn Khuê (ch.b.), Lê Mậu Hải</subfield>
   <subfield code="n">T.1</subfield>
   <subfield code="p">Giải tích toán học</subfield>
  </datafield>
  <datafield tag="250" ind1=" " ind2=" ">
   <subfield code="a">Tái bản lần thứ 2</subfield>
  </datafield>
  <datafield tag="260" ind1=" " ind2=" ">
   <subfield code="a">H.</subfield>
   <subfield code="b">Đại học Sư phạm</subfield>
   <subfield code="c">2012</subfield>
  </datafield>
  <datafield tag="300" ind1=" " ind2=" ">
   <subfield code="a">382 tr.</subfield>
   <subfield code="b">Đại học Sư phạm</subfield>
   <subfield code="c">21 cm.</subfield>
  </datafield>
  <datafield tag="520" ind1=" " ind2=" ">
   <subfield code="a">Trình bày về lí thuyết tập hợp và xây dựng trường số thực. Không gian mêtric. Đại cương về không gian Banach và chuỗi trong không gian Banach. Phép tính vi phân trong không gian Banach</subfield>
  </datafield>
  <datafield tag="650" ind1="0" ind2="4">
   <subfield code="2">Bộ TKTVQG</subfield>
   <subfield code="a">Giải tích</subfield>
  </datafield>
  <datafield tag="653" ind1=" " ind2=" ">
   <subfield code="a">Toán học</subfield>
  </datafield>
  <datafield tag="653" ind1=" " ind2=" ">
   <subfield code="a">Giải tích</subfield>
  </datafield>
  <datafield tag="655" ind1=" " ind2="7">
   <subfield code="2">Bộ TKTVQG</subfield>
   <subfield code="a">Giáo trình</subfield>
  </datafield>
  <datafield tag="700" ind1="1" ind2=" ">
   <subfield code="a">Lê Mậu Hải</subfield>
  </datafield>
  <datafield tag="773" ind1=" " ind2=" ">
   <subfield code="a">Nguyễn Văn Khuê</subfield>
   <subfield code="b">Tái bản lần thứ 2</subfield>
   <subfield code="d">Đại học Sư phạm</subfield>
   <subfield code="d">H.</subfield>
   <subfield code="d">2012</subfield>
   <subfield code="t">Giải tích toán học</subfield>
   <subfield code="w">505789</subfield>
  </datafield>
  <datafield tag="773" ind1=" " ind2=" ">
   <subfield code="b">Tái bản lần thứ nhất</subfield>
   <subfield code="d">Đại học Sư phạm</subfield>
   <subfield code="d">H.</subfield>
   <subfield code="d">2010</subfield>
   <subfield code="t">Giải tích toán học</subfield>
   <subfield code="w">14674</subfield>
  </datafield>
  <datafield tag="OWN" ind1=" " ind2=" ">
   <subfield code="a">LSP</subfield>
  </datafield>
  <datafield tag="AVA" ind1=" " ind2=" ">
   <subfield code="a">UDN50</subfield>
   <subfield code="b">LSP</subfield>
   <subfield code="d">515 NG-K</subfield>
   <subfield code="e">available</subfield>
   <subfield code="t">Error 5001 Not defined in file expand_doc_bib_avail.</subfield>
   <subfield code="f">10</subfield>
   <subfield code="g">0</subfield>
   <subfield code="h">N</subfield>
   <subfield code="i">0</subfield>
   <subfield code="k">1</subfield>
  </datafield>
  <datafield tag="999" ind1=" " ind2=" ">
   <subfield code="a">From the UDN01</subfield>
  </datafield>
  <datafield tag="AVA" ind1=" " ind2=" ">
   <subfield code="a">UDN50</subfield>
   <subfield code="b">LSP</subfield>
   <subfield code="d">515 NG-K</subfield>
   <subfield code="e">available</subfield>
   <subfield code="t">Error 5001 Not defined in file expand_doc_bib_avail.</subfield>
   <subfield code="f">10</subfield>
   <subfield code="g">0</subfield>
   <subfield code="h">N</subfield>
   <subfield code="i">0</subfield>
   <subfield code="k">1</subfield>
  </datafield>
  <datafield tag="TYP" ind1=" " ind2=" ">
   <subfield code="a">Monograph</subfield>
  </datafield>
  <datafield tag="TYP" ind1=" " ind2=" ">
   <subfield code="a">Printed language</subfield>
  </datafield>
  <datafield tag="980" ind1=" " ind2=" ">
   <subfield code="a">Mạng thư viện Đại học Đà Nẵng</subfield>
  </datafield>
 </record>
</collection>
